Statistics for Every Club to Knock Aris Salonica Out of the Greek Cup

Click here to take the quiz!

General Stats

  • This quiz has been taken 25 times
  • The average score is 11 of 22

Answer Stats

Times Knocked Out by ClubClub% Correct
3: (1980-81, 1993-94, 2019-20)AEK Athens
100%
7: (1985-86, 1998-99, 2004-05, 2007-08, 2016-17, 2020-21, 2022-23)Olympiacos
100%
4: (1973-74, 1975-76, 1997-98, 2009-10)Panathinaikos
100%
7: (1971-72, 1977-78, 1979-80, 1984-85, 2000-01, 2002-03, 2008-09)PAOK
95%
4: (1982-83, 1983-84, 1991-92, 2003-04)Iraklis
76%
4: (1974-75, 1978-79, 1988-89, 1999-00)Panionios
76%
1: (1989-90)OFI
71%
1: (2011-12)Atromitos
67%
1: (2021-22)Lamia
67%
2: (1986-87, 1987-88)Larissa
57%
1: (2001-02)Xanthi
57%
1: (2006-07)Niki Volou
52%
1: (2013-14)Olympiacos Volou
38%
2: (1976-77, 1996-97)Panachaiki
38%
1: (1972-73)Levadiakos
33%
1: (2005-06)Panthrakikos
29%
2: (1970-71, 2010-11)Trikala
29%
1: (2014-15)Apollon Kalamaria
24%
1: (2012-13)Kallithea
19%
2: (1990-91, 1995-96)Athinaikos
14%
1: (1981-82)Diagoras
5%
1: (1994-95)Edessaikos
0%

Score Distribution

Percentile by Number Answered

Percent of People with Each Score

Your Score History

You have not taken this quiz